| 000 | 00504nam a2200181 4500 | ||
|---|---|---|---|
| 001 | 116719 | ||
| 003 | ES-MaACL | ||
| 005 | 20230906190745.0 | ||
| 007 | t| | ||
| 008 | 061121s1969 sp r ||||1| spa d | ||
| 100 | 1 |
_aOttone, Piero. _987961 |
|
| 245 | 1 | 3 |
_aLa nueva Rusia / _cPiero Ottone ; traducción de Domingo Santos. |
| 250 | _a1ª. ed. | ||
| 260 |
_aBarcelona : _bKairós, _c1969. |
||
| 300 |
_a145 p. ; _c21 cm. |
||
| 700 | 1 |
_aSantos, Domingo. _9103468 |
|
| 852 |
_aES-MaACL _jC-38936 _bR.71508 |
||
| 999 |
_c116719 _d116719 |
||